| 000 | 00427nam a2200145Ia 4500 | ||
|---|---|---|---|
| 008 | 210210b1984 xxu||||| |||| 00| 0 eng d | ||
| 082 | _a574.02 MCCK | ||
| 100 | _aM C C PUBLICATIONS. | ||
| 245 | _aKarnatak medical & engineering joint entrance test1984.Biology. | ||
| 260 |
_aBangalore _bM C C Publications _c1984 |
||
| 300 | _a264 | ||
| 650 | _aBiology Entrance C E T M C C | ||
| 690 | _aBiology Entrance | ||
| 906 | _aSG02759 | ||
| 999 |
_c113881 _d113881 |
||